| 000 | 00657cam a22002173a 4500 | ||
|---|---|---|---|
| 001 | 45217 | ||
| 003 | PGUSA | ||
| 005 | 20140828084032.0 | ||
| 008 | 140326s2014||||xxu|||||s|||||000 | eng d | ||
| 040 |
_aPGUSA _beng |
||
| 042 | _adc | ||
| 100 | 1 |
_aGibbon, Edward, _d1737-1794 |
|
| 245 | 1 | 0 |
_aStoria della decadenza e rovina dell'impero romano, volume 3 _h[electronic resource] / _cEdward Gibbon |
| 260 |
_bProject Gutenberg, _c2014 |
||
| 506 | _aPublic domain in the USA. | ||
| 516 | _aElectronic text | ||
| 700 | 1 |
_aBertolotti, Davide, _d1784-1860 |
|
| 830 | 0 |
_aProject Gutenberg _v45217 |
|
| 856 | 4 | 0 | _uhttp://www.gutenberg.org/ebooks/45217 |
| 942 | _cEB | ||
| 999 |
_c274468 _d274468 |
||